MARC details
| 000 -CABECERA |
| campo de control de longitud fija |
02052nam a22002657a 4500 |
| 003 - IDENTIFICADOR DEL NÚMERO DE CONTROL |
| campo de control |
OSt |
| 005 - FECHA Y HORA DE LA ÚLTIMA TRANSACCIÓN |
| campo de control |
20241007155929.0 |
| 008 - DATOS DE LONGITUD FIJA--INFORMACIÓN GENERAL |
| campo de control de longitud fija |
241007b |||||||| |||| 00| 0 eng d |
| 020 ## - NÚMERO INTERNACIONAL ESTÁNDAR DEL LIBRO |
| Número Internacional Estándar del Libro |
9781501374364 |
| 040 ## - FUENTE DE LA CATALOGACIÓN |
| Centro/agencia transcriptor |
tbs |
| 041 ## - CÓDIGO DE LENGUA |
| Código de lengua del texto/banda sonora o título independiente |
English |
| 100 ## - ENTRADA PRINCIPAL--NOMBRE DE PERSONA |
| Nombre de persona |
Rousso, Chelsea. |
| 9 (RLIN) |
24225 |
| 245 ## - MENCIÓN DE TÍTULO |
| Título |
Fashion forward |
| Resto del título |
: a guide to fashion forecasting |
| Mención de responsabilidad, etc. |
/ Chelsea Rousso, Nancy Ostroff |
| 250 ## - MENCIÓN DE EDICIÓN |
| Mención de edición |
Third edition |
| 260 ## - PUBLICACIÓN, DISTRIBUCIÓN, ETC. |
| Lugar de publicación, distribución, etc. |
New York |
| Nombre del editor, distribuidor, etc. |
Fairchild Books, an imprint of Bloomsbury Publishing Inc. |
| Fecha de publicación, distribución, etc. |
2024 |
| 300 ## - DESCRIPCIÓN FÍSICA |
| Extensión |
216 pages |
| 505 ## - NOTA DE CONTENIDO CON FORMATO |
| Nota de contenido con formato |
PART I THE PRINCIPLES OF FASHION FORECASTING <br/><br/>—<br/><br/>Introduction To Fashion Forecasting<br/><br/>—<br/><br/>Brief History Of Contemporary Fashion<br/><br/>—<br/><br/>Fashion Movement<br/><br/>—<br/><br/>Social And Cultural Influences<br/><br/>—<br/><br/>Market And Sales Research For Forecasting<br/><br/>—<br/><br/>PART II DEVELOPING AND PRESENTING A FASHION FORECAST<br/><br/>—<br/><br/>Color<br/><br/>—<br/><br/>Textiles, Trims, Findings, And Materials<br/><br/>—<br/><br/>The Look<br/><br/>—<br/><br/>Creating And Presenting A Forecast<br/><br/>—<br/><br/>Glossary<br/><br/>—<br/><br/>Bibliography<br/><br/>—<br/><br/>Art Credits<br/><br/>—<br/><br/>Index. |
| 505 ## - NOTA DE CONTENIDO CON FORMATO |
| Nota de contenido con formato |
Instructor Resources: Instructor's Guide provides suggestions for planning the course and using the text in the classroom, supplemental assignments, and lecture notes — PowerPoint® presentations include images from the book and provide a framework for lecture and discussion |
| 520 ## - SUMARIO, ETC. |
| Sumario, etc. |
Unlock the Secrets of Tomorrow's Style Today!<br/>In the ever-evolving world of fashion, staying ahead of the curve is essential. Fashion Forward: A Guide to Fashion Forecasting returns in its highly anticipated third edition to guide you through the dynamic realm of fashion prediction. Whether you're a budding fashion enthusiast, a trend-conscious designer, or a seasoned industry professional, this book is your compass to navigate the exciting and unpredictable landscape of fashion.<br/> |
| 650 #0 - PUNTO DE ACCESO ADICIONAL DE MATERIA--TÉRMINO DE MATERIA |
| Término de materia o nombre geográfico como elemento de entrada |
Fashion design |
| 9 (RLIN) |
9703 |
| 650 #0 - PUNTO DE ACCESO ADICIONAL DE MATERIA--TÉRMINO DE MATERIA |
| Término de materia o nombre geográfico como elemento de entrada |
Fashion |
| Subdivisión general |
Forecasting |
| 9 (RLIN) |
10522 |
| 650 #0 - PUNTO DE ACCESO ADICIONAL DE MATERIA--TÉRMINO DE MATERIA |
| Término de materia o nombre geográfico como elemento de entrada |
Fashion |
| Subdivisión general |
beauty industries |
| 9 (RLIN) |
24227 |
| 700 ## - ENTRADA AGREGADA--NOMBRE PERSONAL |
| Nombre de persona |
Ostroff, Nancy. |
| 9 (RLIN) |
24226 |
| 942 ## - ELEMENTOS DE ENTRADA AGREGADA (KOHA) |
| Fuente del sistema de clasificación o colocación |
Clasificación de Library of Congress |